Statistics for FIFA U-20 World Cup Top 4 Positions

Click here to take the quiz!

General Stats

  • This quiz has been taken 122 times
    (73 since last reset)
  • The average score is 28 of 37

Answer Stats

National Team% Correct
Spain
100%
East Germany
98%
England
98%
West Germany
98%
Argentina
96%
Brazil
96%
France
96%
Italy
93%
Mexico
93%
Soviet Union
93%
United States
93%
Colombia
91%
Nigeria
91%
Portugal
91%
Japan
87%
Poland
85%
Uruguay
85%
Chile
83%
Australia
80%
South Korea
78%
Austria
76%
Serbia
76%
Yugoslavia
76%
Ghana
74%
Paraguay
65%
Egypt
63%
Czech Republic
59%
Hungary
59%
Venezuela
59%
Romania
57%
Republic of Ireland
54%
Costa Rica
52%
Iraq
43%
Senegal
43%
Morocco
41%
Mali
37%
Qatar
35%

Score Distribution

Percentile by Number Answered

Percent of People with Each Score

Your Score History

You have not taken this quiz since the last reset